000 00606nam a2200181 4500
001 136878
003 ES-MaACL
005 20230906195243.0
007 t|
008 070214s1982 sp r ||||1| spa d
100 1 _aSainz de Bujanda, Fernando (
_d1915-1999)
_9101580
245 1 0 _aLecciones de Derecho Financiero /
_cFernando Sainz de Bujanda.
250 _a2ยช ed.
260 _aMadrid :
_bUniversidad Complutense, Facultad de Derecho,
_c1982.
300 _aXII, 542 p. ;
_c24 cm.
710 2 _aUniversidad Complutense de Madrid.
_bFacultad de Derecho.
_97119
852 _aES-MaACL
_jL-5269
_bR.105822
999 _c136878
_d136878